Die Hochzeit des Figaro Ouvertüre : Klavierbegleitung /

Hlavní autor: Mozart, Wolfgang Amadeus, 1756-1791
Další autoři: Hartmann, Hugo, 1862-1907
Jazyk: Nelze použít, není lingvistický obsah
Vydáno: Mainz ; B. Schott's Söhne, [19--?]
Edice: Edition Schott Einzel-Ausgabe
Fyzický popis: 1 partitura (11 s.)
Hudebniny Hudebniny
Uloženo v:
LEADER 01034ncm a22002532a 4500
001 001428412
003 CZ BrMZK
005 20141015135739.0
007 qu
008 141013q19uu gw ||||| |||||||||||zxx d
040 |a BOA001  |b cze 
072 7 |a 787  |x Hudba pro strunné a smyčcové nástroje  |2 Konspekt  |9 9 
100 1 |a Mozart, Wolfgang Amadeus,  |d 1756-1791  |7 jn19990005867  |4 cmp 
245 1 4 |a Die Hochzeit des Figaro  |h [hudebnina] :  |b Ouvertüre : Klavierbegleitung /  |c W.A. Mozart ; für Violine und Klavier bearbeitet von H. Hartmann 
246 3 |a Ouverture zur Oper Die Hochzeit des Figaro 
260 |a Mainz ;  |b B. Schott's Söhne,  |c [19--?] 
300 |a 1 partitura (11 s.) 
490 1 |a Edition Schott Einzel-Ausgabe ;  |v 05580, 05581 
700 1 |a Hartmann, Hugo,  |d 1862-1907  |7 mzk2010573820  |4 arr 
830 0 |a Edition Schott Einzel-Ausgabe 
910 |a BOA001  |b Mus4-0165.000,05580/05581 
990 |a MU 
991 |b 201410 
996 6 |b 2619021542  |c Mus4-0165.000,05580/05581  |l MZK  |r Sklad / do 1 hodiny  |n 0  |w 001463362  |u 000010  |a 1  |e BOA001  |j MZK50  |s P